[Event "Donau Open 98"]
[Site "Wien"]
[Date "1998.05.23"]
[Round "8"]
[White "Alvir, A."]
[Black "Wockenfuss, K."]
[Result "1-0"]
[WhiteElo "2400"]
[BlackElo "2320"]
[PlyCount "71"]
[EventDate "1998.05.23"]

1. e4 b6 2. d4 Bb7 3. Nc3 e6 4. a3 g6 5. Nf3 Bg7 6. Bg5 Ne7 7. Qd2 h6 8. Be3 d6
9. O-O-O Nd7 10. h4 a6 11. d5 e5 12. g4 Nf6 13. Rg1 h5 14. gxh5 Nxh5 15. Kb1
Ng8 16. Bg5 Ngf6 17. Ne1 Nf4 18. Nd3 Nxd3 19. Bxd3 Qd7 20. Be2 Kf8 21. Rdf1 Nh5
22. Bg4 Qe8 23. Ne2 Bc8 24. f3 Bd7 25. Re1 Bb5 26. Qc3 Ra7 27. Nc1 Nf4 28. h5
gxh5 29. Bf5 Ng6 30. Nd3 Bxd3 31. cxd3 Ne7 32. Bh3 Ng6 33. Qd2 Qb5 34. Rc1 Nf4
35. Bxf4 exf4 36. Rxg7 1-0

[Event "Donau Open 98"]
[Site "Wien"]
[Date "1998.05.23"]
[Round "8"]
[White "Mahdy, K."]
[Black "Stanka, W."]
[Result "0-1"]
[WhiteElo "2405"]
[BlackElo "2140"]
[PlyCount "98"]
[EventDate "1998.05.23"]

1. e4 c6 2. d4 d5 3. Nd2 dxe4 4. Nxe4 Bf5 5. Ng3 Bg6 6. h4 h6 7. N1e2 e6 8. Nf4
Bh7 9. c3 Nf6 10. Bc4 Bd6 11. Nfh5 Rg8 12. Bd3 Bxd3 13. Qxd3 Nbd7 14. Ne4 Nxe4
15. Qxe4 Qa5 16. Bf4 Bxf4 17. Nxf4 O-O-O 18. Nd3 Rgf8 19. Rh3 Nf6 20. Qe2 Rxd4
21. b4 Qa3 22. Qc2 Rc4 23. Nb2 Re4+ 24. Kf1 Qa6+ 25. c4 Rd8 26. Kg1 Qb6 27. a3
Rdd4 28. Rd1 Rxd1+ 29. Qxd1 Qd4 30. Rd3 Qe5 31. Rd8+ Kc7 32. Nd3 Qc3 33. f3 Rd4
34. Rxd4 Qxd4+ 35. Nf2 Qxc4 36. Qa4 Kb8 37. Qd1 Qd5 38. Qc1 Qd6 39. Qc4 Kc7 40.
Qe2 Qf4 41. Nd3 Qd4+ 42. Nf2 Nd7 43. g4 Qe5 44. Qd3 Qg3+ 45. Kf1 Qxh4 46. Qd4
Qf6 47. Qe3 b6 48. Ne4 Qe5 49. f4 Qd5 0-1

[Event "Donau Open 98"]
[Site "Wien"]
[Date "1998.05.23"]
[Round "8"]
[White "Lendwai, R."]
[Black "Vrana, F."]
[Result "1-0"]
[WhiteElo "2395"]
[BlackElo "2215"]
[PlyCount "111"]
[EventDate "1998.05.23"]

1. e4 e6 2. d4 d5 3. Nc3 Nf6 4. Bg5 dxe4 5. Nxe4 Be7 6. Bxf6 Bxf6 7. Nf3 Nd7 8.
Qd2 b6 9. O-O-O Bb7 10. Bd3 Qe7 11. g4 g6 12. g5 Bg7 13. h4 h5 14. Rhe1 O-O-O
15. c4 Rhe8 16. Kb1 Nb8 17. Qe3 Nc6 18. Bc2 Qb4 19. Qc3 Qf8 20. Nf6 Bxf6 21.
gxf6 Qd6 22. Ba4 Rf8 23. Bxc6 Qxc6 24. Ne5 Qg2 25. Qe3 Rd6 26. Kc2 Bc6 27. Kc3
Ba4 28. b3 Bc6 29. Qg3 Qxg3+ 30. fxg3 Be8 31. b4 Rg8 32. Rg1 b5 33. c5 Ra6 34.
Kb2 Bc6 35. Nxf7 Rf8 36. Ne5 Rxf6 37. Rgf1 Rf5 38. Nxg6 Kd8 39. Rxf5 exf5 40.
d5 Be8 41. Ne5 Rf6 42. Rf1 Bf7 43. Nc6+ Kd7 44. Nxa7 Bxd5 45. Rd1 c6 46. Nxb5
f4 47. Nc3 fxg3 48. Nxd5 cxd5 49. b5 Rf4 50. Kb3 Rxh4 51. Rxd5+ Kc7 52. b6+ Kc6
53. Rd6+ Kxc5 54. Rg6 Rg4 55. Rxg4 hxg4 56. b7 1-0

[Event "Donau Open 98"]
[Site "Wien"]
[Date "1998.05.23"]
[Round "8"]
[White "Kreindl, H."]
[Black "Todor, R."]
[Result "1/2-1/2"]
[WhiteElo "2270"]
[BlackElo "2160"]
[PlyCount "48"]
[EventDate "1998.05.23"]

1. e4 c5 2. c3 e6 3. d4 d5 4. exd5 exd5 5. Nf3 Nc6 6. Be2 c4 7. O-O Bd6 8. Re1
Nge7 9. Bg5 O-O 10. Nbd2 Qc7 11. Nf1 Ng6 12. Bh4 Bf5 13. Bg3 Nf4 14. Bxf4 Bxf4
15. g3 Bh6 16. Ne5 Rae8 17. g4 Bc8 18. Bf3 Nxe5 19. dxe5 Rxe5 20. Rxe5 Qxe5 21.
Qxd5 Qxd5 22. Bxd5 Rd8 23. Re1 Kf8 24. Bxc4 Bxg4 1/2-1/2

[Event "Donau Open 98"]
[Site "Wien"]
[Date "1998.05.23"]
[Round "8"]
[White "Steinert, M."]
[Black "Mujovic, S."]
[Result "0-1"]
[WhiteElo "2170"]
[BlackElo "2235"]
[PlyCount "98"]
[EventDate "1998.05.23"]

1. d4 Nf6 2. Nf3 g6 3. c4 Bg7 4. Nc3 d5 5. Bg5 Ne4 6. cxd5 Nxg5 7. Nxg5 e6 8.
Qd2 h6 9. Nf3 exd5 10. e3 O-O 11. b4 Be6 12. Be2 Nd7 13. O-O c6 14. Na4 b5 15.
Nc5 Nxc5 16. bxc5 a5 17. Ne5 Qe8 18. Bd3 f5 19. f4 Kh7 20. Kh1 Ra7 21. g4 Bxe5
22. gxf5 Bxf5 23. fxe5 Qe6 24. Rf4 Raf7 25. Raf1 Bxd3 26. Qxd3 Kg7 27. Rxf7+
Rxf7 28. Rxf7+ Qxf7 29. Kg2 a4 30. e4 dxe4 31. Qxe4 Qxa2+ 32. Kg3 Qb3+ 33. Kh4
g5+ 34. Kg4 Qe6+ 35. Kg3 a3 36. d5 cxd5 37. Qd4 a2 38. c6 Qxc6 39. e6+ Kg8 40.
Qf6 Qc7+ 41. Kh3 g4+ 42. Kg2 Qg7 43. Qd8+ Kh7 44. e7 a1=Q 45. e8=Q Qgb2+ 46.
Kg3 Qg1+ 47. Kf4 Qf1+ 48. Kxg4 Qbg2+ 49. Kh5 Qf5+ 0-1

[Event "Donau Open 98"]
[Site "Wien"]
[Date "1998.05.23"]
[Round "8"]
[White "Stoll, T."]
[Black "Angerer, M."]
[Result "1-0"]
[WhiteElo "2280"]
[BlackElo "2145"]
[PlyCount "89"]
[EventDate "1998.05.23"]

1. d4 Nf6 2. c4 g6 3. Nc3 Bg7 4. e4 d6 5. f3 O-O 6. Be3 e5 7. d5 Nh5 8. Qd2 f5
9. exf5 gxf5 10. O-O-O a6 11. Bd3 b5 12. Nge2 bxc4 13. Bxc4 Qh4 14. f4 Nd7 15.
g3 Qf6 16. Bb3 Rb8 17. fxe5 Nxe5 18. Nf4 Nxf4 19. gxf4 Ng4 20. Bd4 Qxd4 21.
Qxd4 Bxd4 22. Rxd4 Re8 23. h3 Nf2 24. Rh2 Ne4 25. Re2 Bd7 26. Nxe4 fxe4 27. Re3
a5 28. Bc2 Bf5 29. b3 Rb4 30. Rc4 Re7 31. Kd2 Rxc4 32. bxc4 Rg7 33. Bxe4 Bxe4
34. Rxe4 Rg2+ 35. Re2 Rg3 36. Re3 Rg2+ 37. Re2 Rg3 38. Re7 Rxh3 39. Rxc7 h5 40.
Re7 Ra3 41. c5 Rxa2+ 42. Kc3 dxc5 43. d6 Kf8 44. Re5 Ra1 45. d7 1-0

[Event "Donau Open 98"]
[Site "Wien"]
[Date "1998.05.24"]
[Round "9"]
[White "Petran, P"]
[Black "Alvir, A"]
[Result "1/2-1/2"]
[WhiteElo "2335"]
[BlackElo "2400"]
[PlyCount "35"]
[EventDate "1998.05.24"]

1. g3 e5 2. Bg2 Nf6 3. e4 Bc5 4. Ne2 O-O 5. O-O d5 6. exd5 Nxd5 7. d4 exd4 8.
Nxd4 Nf6 9. c3 c6 10. h3 Na6 11. Nb3 Be7 12. N1d2 Be6 13. Nd4 Bd5 14. N2f3 Re8
15. b3 Bf8 16. c4 Be4 17. Be3 Nc5 18. Ne2 1/2-1/2

[Event "Donau Open 98"]
[Site "Wien"]
[Date "1998.05.24"]
[Round "9"]
[White "Dueckstein, A"]
[Black "Lendwai, R"]
[Result "1/2-1/2"]
[WhiteElo "2360"]
[BlackElo "2395"]
[PlyCount "40"]
[EventDate "1998.05.24"]

1. e4 e6 2. d4 c5 3. Nf3 cxd4 4. Nxd4 a6 5. Be3 Nf6 6. Nd2 d6 7. Be2 b6 8. O-O
Bb7 9. f3 Nbd7 10. c4 Be7 11. Qe1 O-O 12. Rd1 Re8 13. Qg3 Rc8 14. b3 Qc7 15.
Bd3 d5 16. Qxc7 Rxc7 17. exd5 exd5 18. Rfe1 g6 19. Bf2 Rcc8 20. Bf1 Bb4 1/2-1/2

[Event "Donau Open 98"]
[Site "Wien"]
[Date "1998.05.24"]
[Round "9"]
[White "Mujovic, S"]
[Black "Certek, P"]
[Result "1/2-1/2"]
[WhiteElo "2235"]
[BlackElo "2255"]
[PlyCount "131"]
[EventDate "1998.05.24"]

1. e4 c5 2. Nf3 g6 3. d4 cxd4 4. Nxd4 Nf6 5. Nc3 Nc6 6. Be3 Bg7 7. Be2 O-O 8.
O-O d5 9. exd5 Nxd5 10. Nxd5 Nxd4 11. Bxd4 Qxd5 12. Bxg7 Qxd1 13. Rfxd1 Kxg7
14. Bf3 Bf5 15. c4 Rac8 16. b3 b6 17. Re1 Kf6 18. g4 Be6 19. h4 h6 20. Rad1
Rfd8 21. Kg2 g5 22. Kg3 a6 23. h5 Rxd1 24. Rxd1 Rc5 25. Bb7 Rc7 26. Be4 b5 27.
cxb5 axb5 28. Rd8 Ra7 29. Rb8 Rxa2 30. Rxb5 Ra3 31. Bc2 Ra2 32. Be4 Rb2 33. b4
Bc4 34. Rb7 e6 35. Bc6 Rb3+ 36. Kg2 Bd5+ 37. Bxd5 exd5 38. f3 d4 39. b5 d3 40.
Kf2 d2 41. Rd7 Rb2 42. Ke3 Rb3+ 43. Ke4 Rxb5 44. Rd6+ Ke7 45. Rxd2 Ke6 46. Ra2
Rb6 47. Ra4 Kf6 48. Rc4 Re6+ 49. Kd4 Kg7 50. Rc7 Re1 51. Ra7 Re2 52. Rb7 Ra2
53. Ke4 Ra3 54. Rc7 Kf8 55. Rc8+ Ke7 56. Rc6 Ra4+ 57. Ke3 Ra3+ 58. Ke4 Ra4+ 59.
Ke3 Ra3+ 60. Kf2 Ra2+ 61. Kg3 f6 62. Rc7+ Kf8 63. Rh7 Kg8 64. Rxh6 Kg7 65. Rg6+
Kf7 66. Rh6 1/2-1/2

[Event "Donau Open 98"]
[Site "Wien"]
[Date "1998.05.24"]
[Round "9"]
[White "Todor, R"]
[Black "Kummer, H"]
[Result "0-1"]
[WhiteElo "2160"]
[BlackElo "2370"]
[PlyCount "52"]
[EventDate "1998.05.24"]

1. e4 c5 2. c3 d5 3. exd5 Qxd5 4. d4 Nf6 5. Nf3 Bg4 6. Be2 e6 7. O-O Nc6 8. Na3
cxd4 9. Nb5 Rc8 10. Nbxd4 Bc5 11. h3 Bh5 12. Be3 O-O 13. c4 Qd6 14. Nxc6 Qxc6
15. Ne5 Qe4 16. Bxh5 Qxe5 17. Bxc5 Rxc5 18. Be2 Qxb2 19. Rb1 Qxa2 20. Rxb7 Rcc8
21. Qd3 Rfd8 22. Qe3 a5 23. Ra7 h6 24. Qe5 Rd2 25. Bf3 Qxc4 26. Qxa5 Qxf1+ 0-1

[Event "Donau Open 98"]
[Site "Wien"]
[Date "1998.05.24"]
[Round "9"]
[White "Wockenfuss, K"]
[Black "Havlicek, J"]
[Result "1/2-1/2"]
[WhiteElo "2320"]
[BlackElo "2160"]
[PlyCount "72"]
[EventDate "1998.05.24"]

1. d4 Nf6 2. Nf3 g6 3. Nc3 Bg7 4. e4 d6 5. h3 O-O 6. Be2 a6 7. a4 Nbd7 8. e5
Ne8 9. Bf4 b6 10. O-O Bb7 11. Re1 c5 12. exd6 Nxd6 13. d5 Nf5 14. Bc4 Nd4 15.
Nxd4 cxd4 16. Ne2 Rc8 17. Bb3 Nc5 18. Nxd4 Bxd5 19. Bxd5 Qxd5 20. Be3 Rfd8 21.
c3 e5 22. Nf3 Qe4 23. Qb1 Qc4 24. Bxc5 Qxc5 25. Qc2 Rd5 26. Rad1 Rcd8 27. Rxd5
Rxd5 28. Qe2 b5 29. axb5 axb5 30. Ra1 Qc6 31. Ra7 e4 32. Ne1 f5 33. Nc2 Qd6 34.
Ne3 Rd3 35. Qc2 Qe6 36. Ra8+ Bf8 1/2-1/2

[Event "Donau Open 98"]
[Site "Wien"]
[Date "1998.05.24"]
[Round "9"]
[White "Maric, I"]
[Black "Wais, M"]
[Result "0-1"]
[WhiteElo "2260"]
[BlackElo "2095"]
[PlyCount "84"]
[EventDate "1998.05.24"]

1. d4 c5 2. c3 e6 3. e3 Nf6 4. Bd3 d5 5. f4 Qb6 6. Nf3 Nc6 7. O-O Bd6 8. Nbd2
O-O 9. Ne5 Bd7 10. Ndf3 Na5 11. Nxd7 Nxd7 12. Rb1 f5 13. Bd2 Nc6 14. Be1 Nf6
15. Ne5 cxd4 16. exd4 Bxe5 17. fxe5 Nxe5 18. Bg3 Nxd3 19. Qxd3 Ne4 20. Be5 Rac8
21. Rfe1 Rc6 22. Re2 Qa6 23. Qxa6 Rxa6 24. a3 Rb6 25. Rc1 Rc8 26. Rec2 Rc4 27.
Kf1 Rb3 28. Ke2 g6 29. Re1 Kf7 30. Bf4 Ke8 31. Bc1 Kd7 32. Kd1 Kc6 33. Rf1 Kb5
34. g4 Ka4 35. g5 Rb6 36. Rf3 Rbc6 37. Bf4 b5 38. Rh3 Kb3 39. Rxh7 Rxd4+ 40.
cxd4 Rxc2 41. Rh3+ Kxb2 42. Rh6 Nf2+ 0-1